000 004820000a22001930004500
001 003815
003 MACL
005 20150825134407.0
008 150825b xxu||||| |||| 00| 0 eng d
040 _aMACL
_cMACL
041 _aEnglish
082 _a722.4/SEN
100 _aSengupta, Anusua
_97333
245 _aBuddhist Art of Bengal
_cAnusua Sengupta
260 _aNew Delhi
_c1993
_bRahul, Publishing House,
350 _a700
650 _aHistory
_97334
942 _k722
_cBK
_2ddc
999 _c15708
_d15708